UFC Champions With Most Defenses - Statistics

General Stats
  • This quiz has been taken 2,790 times
    270 since last reset
  • The average score is 22 of 36
Answer Stats
Total Successful Defenses Champion Weight Class(es) % Correct
11 Demetrious Johnson Men's Flyweight
100%
12 Jon Jones Light Heavyweight & Heavyweight
100%
10 Anderson Silva Middleweight
95%
9 Georges St-Pierre Welterweight
95%
5 Kamaru Usman Welterweight
89%
8 Amanda Nunes Women's Featherweight & Bantamweight
86%
3 Khabib Nurmagomedov Lightweight
83%
5 Alexander Volkanovski Men's Featherweight
81%
4 Daniel Cormier Light Heavyweight & Heavyweight
80%
5 Israel Adesanya Middleweight
78%
7 José Aldo Men's Featherweight
76%
8 Valentina Shevchenko Women's Flyweight
75%
3 Alex Pereira Light Heavyweight
73%
4 Stipe Miocic Heavyweight
71%
3 Merab Dvalishvili Men's Bantamweight
70%
6 Ronda Rousey Women's Bantamweight
70%
4 Islam Makhachev Lightweight
69%
3 Zhang Weili Strawweight
67%
3 Dominick Cruz Men's Bantamweight
61%
3 Max Holloway Men's Featherweight
60%
4 Alexandra Pantoja Men's Flyweight
59%
7 Matt Hughes Welterweight
57%
3 T.J. Dillashaw Men's Bantamweight
50%
4 Chuck Liddell Light Heavyweight
49%
4 Tyron Woodley Welterweight
49%
3 Aljamain Sterling Men's Bantamweight
47%
3 B.J. Penn Lightweight
47%
3 Randy Couture Heavyweight
47%
3 Frankie Edgar Lightweight
37%
5 Tito Ortiz Light Heavyweight
37%
3 Benson Henderson Lightweight
32%
5 Joanna Jędrzejczyk Strawweight
31%
3 Renan Barão Men's Bantamweight
28%
3 Chris Weidman Middleweight
27%
4 Frank Shamrock Light Heavyweight
22%
4 Pat Miletich Welterweight
14%
No matching quizzes found
Score Distribution
Percent of People with Each Score
Percentile by Number Answered
Your Score History
You have not taken this quiz since the last reset